Histoire du drapeau de la Corée du Nord - Statistiques

Statistiques générales
  • Ce quiz a été pris 126 fois
  • Le résultat moyen est 5 sur 9
Statistiques - réponses
Hint Réponse % Correct
Corée du Nord (drapeau actuel depuis 1948)
90%
Occupation japonaise de la Corée (1910-1945)
79%
Empire Mongol (1232-1270)
75%
Goryeo (918-1232 et 1270-1392)
61%
Gouvernement provisoire de la république populaire de Corée (1945-1946)
58%
Dynastie Joseon (1392-1897)
58%
Administration soviétique de la Corée (1945-1948)
57%
Empire coréen (1897-1910)
43%
Comité populaire de Corée du Nord (1946-1948)
27%
Aucun quiz correspondant
Distribution des résultats
% des personnes avec chaque résultat
Percentile par nombre de réponses
Votre historique - résultats
Vous n’avez pas pris ce quiz